000 00413nam a22001217a 4500
082 _aNR:339 MOH
100 _aMOHANAKUMAR, S
_aVILLATT, Nidheesh J
245 _aBig business and cartel formations: Analysis of the Natural Rubber Market in Kerala
260 _aThiruvananthapuram
_bPublic Policy Research Institute
_c2024
300 _a60p.
650 _aNatural rubber market
_aCartel formation
_aKerala
942 _cBK
999 _c75297
_d75297